Culture and anarchy / (رقم التسجيلة. 1582)

تفاصيل مارك
000 -الفاتح
حقل البيانات ثابتة الطول 00714nam a2200217Ia 4500
001 - رقم الضبط
رقم الضبط 26288448
003 - محدد رقم الضبط
رقم الضبط OSt
005 - وقت وتاريخ اخر تعامل مع التسجيلة
رقم الضبط 20150408113729.0
008 - عناصر البيانات ثابتة الطول - معلومات عامة
حقل البيانات ثابتة الطول 920730s1990 enk b 000 0 eng d
020 ## - الرقم الدولى المعيارى للكتب
الرقم الدولى المعيارى للكتاب 0521091039
040 ## - مصدر الفهرسة
وكالة الفهرسة الأصلية CUY
وكالة النسخ CUY
082 ## - رقم تصنيف ديوى العشرى
رقم الطبعة 21
رقم التصنيف 306
100 1# - المدخل الرئيسى - إسم شخصى
الإسم الشخصى Arnold, Matthew,
التواريخ المصاحبة للاسم 1822-1888.
9 (RLIN) 6851
245 10 - بيان العنوان
العنوان Culture and anarchy /
بيان المسئوليه,etc Matthew Arnold ; edited with an introduction by J. Dover Wilson.
260 ## - PUBLICATION, DISTRIBUTION, ETC. (IMPRINT)
مكان الناشر او الموزع Cambridge, Eng.
اسم الناشر او الموزع Cambridge University Press,
تاريخ النشر أو التوزيع 1990.
300 ## - الوصف المادى
التعداد xl, 241 p. ;
أبعاد الوعاء 19 cm.
504 ## - تبصرة ببليوجرافية
تبصرة ببليوجرافية,الخ Includes bibliographical references (p. [239]-241) 0
650 ## - المدخل الاضافى بالموضوع-مصطلح موضوعى
مصطلح موضوعي أو اسم جغرافي كعنصر مدخل Culture. 0
9 (RLIN) 9962
651 ## - المدخل الاضافى بالموضوع - اسم جغرافى
الاسم الجغرافي Great Britain
التقسيم الفرعي العام Social conditions
التقسيم الفرعي الزمني 19th century.\\
9 (RLIN) 9963
942 ## - عناصر المدخل الإضافي( كوها)
مصدر التصنيف او مخطط الترفيف Dewey Decimal Classification
Koha [default] item type كتاب
المقتنيات
حالة الفقد نموذج السعر الفعال حالة تلف ليس للاعارة رقم الطلب تاريخ الاكتساب الموقع الحالي الباركود الفرع الرئيسي Date last seen نوع المادة فى نظام كوها مصدر التصنيف او خطة الترفيف Total Checkouts
  2013-03-10     306 A M C 2012-04-01 مكتبة مجمع الطالبات بالمجمعة (EMF) 00014504 مكتبة مجمع الطالبات بالمجمعة (EMF) 2013-03-10 كتاب Dewey Decimal Classification  
  2013-03-10     306 A M C 2012-04-01 مكتبة مجمع الطالبات بالمجمعة (EMF) 00014507 مكتبة مجمع الطالبات بالمجمعة (EMF) 2013-03-10 كتاب Dewey Decimal Classification  
  2013-03-10     306 A M C 2012-04-15 مكتبة مجمع الطالبات بالمجمعة (EMF) 00014499 مكتبة مجمع الطالبات بالمجمعة (EMF) 2013-03-10 كتاب Dewey Decimal Classification  
  2013-03-10     306 A M C 2012-04-21 مكتبة مجمع الطالبات بالمجمعة (EMF) 00014503 مكتبة مجمع الطالبات بالمجمعة (EMF) 2013-03-10 كتاب Dewey Decimal Classification